He expounded: (Record no. 11557)

000 -LEADER
fixed length control field 00549nam a2200181 a 4500
001 - CONTROL NUMBER
control field :::00009356$&:&@@
003 - CONTROL NUMBER IDENTIFIER
control field OkBaRHE
005 - DATE AND TIME OF LATEST TRANSACTION
control field 20000607103350.0
008 - FIXED-LENGTH DATA ELEMENTS--GENERAL INFORMATION
fixed length control field s1952 j 000 0 eng u
040 ## - CATALOGING SOURCE
Transcribing agency
100 1# - MAIN ENTRY--PERSONAL NAME
Personal name White, Douglas M.
245 10 - TITLE STATEMENT
Title He expounded:
Remainder of title a guide to expository preaching.
260 ## - PUBLICATION, DISTRIBUTION, ETC. (IMPRINT)
Place of publication, distribution, etc Chicago, IL., :
Name of publisher, distributor, etc Moody Press
Date of publication, distribution, etc c1952
300 ## - PHYSICAL DESCRIPTION
Extent 159 p. ;
Dimensions 20 cm.
650 ## - SUBJECT ADDED ENTRY--TOPICAL TERM
Topical term or geographic name as entry element Preaching
942 ## - ADDED ENTRY ELEMENTS (KOHA)
Source of classification or shelving scheme
Koha item type Books
Copies
Date last seen Barcode Koha item type Permanent Location Full call number Date acquired Withdrawn status Copy number Lost status Price effective from Not for loan Source of classification or shelving scheme Shelving location Damaged status
2010-04-149356BooksRHEMA Bible Training CollegeBV 4211 .W477H42010-04-14 1 2010-04-14  General Stacks